000 00443nam a2200145Ia 4500
008 220214s9999 xx 000 0 und d
100 _aHua Hu Yao
245 0 _aResearch on function of photosynthesis in respect of anaggregate of rubber plant bodies (Translated from Chinese)
260 _bChinese Journal of Tropical Crops
_c1982
300 _a41-47
700 _aTung Shu Yi
700 _aWangWu Yeh
700 _aZhao Wang
942 _cRE
999 _c45868
_d45868